Teams by clue - Statistics

General Stats
  • This quiz has been taken 7 times
  • The average score is 67 of 100
Answer Stats
Hint Team % Correct
1) Colored socks Red Sox
100%
39) California gold rush 49ers
86%
17) Gods messengers Angels
86%
18) Space explorers Astros
86%
6) Large snow landslide Avalanche
86%
35) Large striped cats Bengals
86%
32) Wild horses Broncos
86%
19) Pirates, swashbucklers Buccaneers
86%
22) People from Canada Canadians
86%
26) Small red birds Cardinals
86%
50) Irish/Gaelic people Celtics
86%
33) Native American leaders Chiefs
86%
9) Young male horses Colts
86%
40) Large rattlesnakes Diamondbacks
86%
14) Saxophone music Jazz
86%
5) Head of a monarchy Kings
86%
16) Comes before thunder Lightning
86%
49) Gold pieces Nuggets
86%
11) Black and orange birds Orioles
86%
47) Revolutionary War countrymen Patriots
86%
24) Blackbeard, Jack Sparrow Pirates
86%
38) Engine parts Pistons
86%
13) Opposite of prey Predators
86%
42) Edgar A Poe, black birds Ravens
86%
2) Flat sea animal Rays
86%
15) NASA space ships Rockets
86%
20) Canonized priests Saints
86%
7) Great whites Sharks
86%
43) Western PA industry Steelers
86%
41) What warms the Earth Suns
86%
25) People from Texas Texans
86%
28) Comes after lightning Thunder
86%
23) Identical children Twins
86%
3) Nordic warriors Vikings
86%
44) Merlin, magic elders Wizards
86%
75) Grizzly, brown, polar Bears
71%
36) Colored coats Blue Jackets
71%
37) Male deer Bucks
71%
73) Slang for French Canadians Canucks
71%
52) What Washington DC is Capitals
71%
92) Leaders of the military Commanders
71%
34) Large wild bears Grizzlies
71%
63) Hot weather Heat
71%
29) Intense sea storms Hurricanes
71%
46) Airplanes Jets
71%
4) Mythical sea monster Kraken
71%
56) King of the jungle Lions
71%
27) Seafarers Mariners
71%
21) Valuable fossil fuel Oilers
71%
89) Cheeseheads Packers
71%
60) Long throated birds Pelicans
71%
72) Male sheep Rams
71%
31) Colorado mountains Rockies
71%
12) Slang for New Englanders Yankees
71%
30) July 4, Independence Day 76ers
57%
65) Small blue birds Blue Jays
57%
67) Beer makers Brewers
57%
55) Another name for brown bears Bruins
57%
94) Swift sailing vessels Clippers
57%
57) Wild west cattle ranchers Cowboys
57%
84) Young bears Cubs
57%
71) Opposite of angels Devils
57%
98) Aquatic mammals Dolphins
57%
91) Large bald bird species Eagles
57%
10) Fire Flames
57%
61) Agressive bees Hornets
57%
86) Land surrounded by water Islanders
57%
99) Large spotted cats Jaguars
57%
97) Knickerbockers Knicks
57%
95) Larger than ponds Lakers
57%
62) Witchcraft, sorcery Magic
57%
74) Canadas' national leaf Maple Leafs
57%
69) Long jaw sport fish Marlins
57%
8) Father or friar Padres
57%
70) Large black cats Panthers
57%
54) Texas lawmen Rangers
57%
76) Prehistoric fearsome dinosaur Raptors
57%
85) William/Kate, Queen Elizabeth, etc Royals
57%
48) Large sea birds Seahawks
57%
66) Opposite of congressmen Senators
57%
88) Cowboy boot spikes Spurs
57%
100) Greek elder gods Titans
57%
82) One who pioneers/leads something Trailblazers
57%
83) Plain socks White Sox
57%
45) Untamed wilderness Wild
57%
96) People gifted in sports Athletics
43%
93) Slow jazz music Blues
43%
53) Fierce Native American warriors Braves
43%
78) Large taloned hawks Falcons
43%
79) Huge mythical creatures Giants
43%
87) Top Gun, young cattle Mavericks
43%
51) People from a country Nationals
43%
68) Indy 500 rally cars Pacers
43%
81) Pillagers, warriors Raiders
43%
90) Red wheels Red Wings
43%
58) long heavy swords Sabres
43%
77) What the Sun is Stars
43%
59) Aka William Cody Bills
29%
64) Medieval English knights Cavaliers
29%
80) Avoiding, hiding Dodgers
29%
No matching quizzes found
Score Distribution
Percent of People with Each Score
Percentile by Number Answered
Your Score History
You have not taken this quiz